Княгиня Наталья Борисовна Долгорукова (Запись № 5290248)

Подробности
000 -МАРКЕР
контрольное поле 01371nam0a22003011 4500
001 - ИДЕНТИФИКАТОР ЗАПИСИ
контрольное поле v19\rc\1261938
005 - ИДЕНТИФИКАТОР ВЕРСИИ
контрольное поле 20260406151823.0
035 ## - ДРУГИЕ СИСТЕМНЫЕ НОМЕРА
Идентификатор записи (NLR Aleph) 005198984
100 ## - ДАННЫЕ ОБЩЕЙ ОБРАБОТКИ
Данные общей обработки 20060306d1893 |||y0rusy50 ca
101 0# - ЯЗЫК РЕСУРСА
Язык текста, звукозаписи и т.д. русский
102 ## - СТРАНА ПУБЛИКАЦИИ ИЛИ ПРОИЗВОДСТВА
Страна публикации Российская Федерация
105 ## - ПОЛЕ КОДИРОВАННЫХ ДАННЫХ: ТЕКСТОВЫЕ МАТЕРИАЛЫ, МОНОГРАФИЧЕСКИЕ
Кодированные данные о монографическом текстовом документе y z |||a|
200 1# - ЗАГЛАВИЕ И СВЕДЕНИЯ ОБ ОТВЕТСТВЕННОСТИ
Основное заглавие Княгиня Наталья Борисовна Долгорукова
Сведения, относящиеся к заглавию [Повесть в стихах]
-- (Посвящено В.А. Жуковскому)
Первые сведения об ответственности Соч. И.И. Козлова
205 ## - СВЕДЕНИЯ ОБ ИЗДАНИИ
Сведения об издании 2-е изд.
210 ## - ПУБЛИКАЦИЯ, РАСПРОСТРАНЕНИЕ И ДР.
Место издания, распространения и т.д. Киев
Имя издателя, распространителя и т. д. Ф.А. Иогансон
Дата издания, распространения и т.д. 1893
215 ## - ФИЗИЧЕСКАЯ ХАРАКТЕРИСТИКА
Специфическое обозначение материала и объем 118 с.
Размеры 7х5
225 1# - СЕРИЯ
Основное заглавие серии Библиотека "Крошка"
Обозначение тома 3, 6
316 ## - ПРИМЕЧАНИЯ ОБ ОСОБЕННОСТЯХ ЭКЗЕМПЛЯРА
Текст примечания Экз. РНБ (Л, 30/Б-0/17): деф.: отсутствует обл.
Организация и экземпляр, к которому относится поле NLR: Л, 30/Б-0/17
700 #1 - ИМЯ ЛИЦА - ПЕРВИЧНАЯ ОТВЕТСТВЕННОСТЬ
Графика поля Кириллица
Материалы, к которым относится поле rus
Начальный элемент ввода Козлов
Часть имени, кроме начального элемента ввода И. И.
Дополнения к именам, кроме дат поэт
Даты 1779-1840
Расширение инициалов личного имени Иван Иванович
Системный номер авторитетной/нормативной записи 32547
Идентификатор авторитетной/нормативной записи RU\NLR\AUTH\7749612
702 #1 - ИМЯ ЛИЦА - ВТОРИЧНАЯ ОТВЕТСТВЕННОСТЬ
Код отношения Прочие
Графика поля Кириллица
Материалы, к которым относится поле rus
Начальный элемент ввода Долгорукая
Часть имени, кроме начального элемента ввода Н. Б.
Даты 1714-1771
Расширение инициалов личного имени Наталья Борисовна
Системный номер авторитетной/нормативной записи 50289
Идентификатор авторитетной/нормативной записи RU\NLR\AUTH\7767361
702 #1 - ИМЯ ЛИЦА - ВТОРИЧНАЯ ОТВЕТСТВЕННОСТЬ
Код отношения Объект посвящения
Графика поля Кириллица
Материалы, к которым относится поле rus
Начальный элемент ввода Жуковский
Часть имени, кроме начального элемента ввода В. А.
Дополнения к именам, кроме дат поэт
Даты 1783-1852
Расширение инициалов личного имени Василий Андреевич
Системный номер авторитетной/нормативной записи 115493
Идентификатор авторитетной/нормативной записи RU\NLR\AUTH\775529
801 #2 - ИСТОЧНИК ЗАПИСИ
Страна Российская Федерация
Организация NLR
Дата составления 20081022
Источник данных rusmarc
801 #0 - ИСТОЧНИК ЗАПИСИ
Страна Российская Федерация
Организация NLR
Дата составления 20060306
Правила каталогизации psbo
801 #1 - ИСТОЧНИК ЗАПИСИ
Страна Российская Федерация
Организация ProSoft-M
Дата составления 20060306
Источник данных rusmarc
852 ## - МЕСТОНАХОЖДЕНИЕ И ШИФР ХРАНЕНИЯ
Идентификатор организации NLR
Наименование фонда или коллекции (Sub-Location Identifier) Л
Шифр хранения (Call Number) 30/Б-0/17
942 ## - ДОПОЛНИТЕЛЬНЫЕ ЭЛЕМЕНТЫ ЗАПИСИ (АБИС)
Тип экземпляра АБИС Книга
980 ## - КОЛЛЕКЦИЯ
Название коллекции Национальная библиография
Экземпляры
Тип экземпляра Дата поступления Библиотека постоянного хранения Библиотека текущего хранения Место хранения Шифр хранения Штрих-код Статус экземпляра
Книга 26.10.2013 РНБ (Садовая) РНБ (Садовая) Русский книжный фонд -Главное здание, Ленинский читальный зал Л 30/Б-0/17 5198984-10